000 00638nam a2200253Ia 4500
003 OSt
005 20221007074134.0
006 a|||||r|||| 00| 0
007 ta
008 221006b |||||||| |||| 00| 0 eng d
024 _a6,688
037 _cTextual
040 _aFLL
_cFLL
_beng
041 _2eng
_aeng
082 _aZ(Q2), M0.1
100 _aRaghavachariar N.R. Au.
_9692567
245 0 _aHindu law
250 _a7th
260 _aMadras
_bLaw journal office India
_c1980
300 _a690p
_ccm.
490 _vv1
942 _hZ(Q2), M0.1
_cTEXL
_2CC
999 _c1151290
_d1151290